Ecuador : Request for Purchase under the Rapid Financing Instrument and Cancellation of Arrangement under the Extended Fund Facility-Press Release; Staff Report; and Statement by the Executive Director for Ecuador.

This chapter presents Ecuador's Request for Purchase Under the Rapid Financing Instrument (RFI) and Cancellation of Arrangement Under the Extended Fund Facility (EFF). Ecuador is facing urgent and immediate balance of payment (BOP) needs driven by the sharp propagation of the coronavirus diseas...

Täydet tiedot

Bibliografiset tiedot
Yhteisötekijä: International Monetary Fund. Western Hemisphere Dept
Aineistotyyppi: Aikakauslehti
Kieli:English
Julkaistu: Washington, D.C. : International Monetary Fund, 2020.
Sarja:IMF Staff Country Reports; Country Report ; No. 2020/178
Linkit:Full text available on IMF
LEADER 02297cas a2200241 a 4500
001 AALejournalIMF020993
008 230101c9999 xx r poo 0 0eng d
020 |c 5.00 USD 
020 |z 9781513545707 
022 |a 1934-7685 
040 |a BD-DhAAL  |c BD-DhAAL 
110 2 |a International Monetary Fund.  |b Western Hemisphere Dept. 
245 1 0 |a Ecuador :   |b Request for Purchase under the Rapid Financing Instrument and Cancellation of Arrangement under the Extended Fund Facility-Press Release; Staff Report; and Statement by the Executive Director for Ecuador. 
264 1 |a Washington, D.C. :  |b International Monetary Fund,  |c 2020. 
300 |a 1 online resource (58 pages) 
490 1 |a IMF Staff Country Reports 
500 |a <strong>Off-Campus Access:</strong> No User ID or Password Required 
500 |a <strong>On-Campus Access:</strong> No User ID or Password Required 
506 |a Electronic access restricted to authorized BRAC University faculty, staff and students 
520 3 |a This chapter presents Ecuador's Request for Purchase Under the Rapid Financing Instrument (RFI) and Cancellation of Arrangement Under the Extended Fund Facility (EFF). Ecuador is facing urgent and immediate balance of payment (BOP) needs driven by the sharp propagation of the coronavirus disease 2019 outbreak-Ecuador is one of the hardest hit countries in Latin America-a plummeting of oil prices, and a dramatic collapse of global demand. In the near term, the authorities have taken significant measures to contain the spread of the virus and mitigate the socio-economic impact. Containment measures include the closing of schools and universities, public spaces and noncritical commercial activities, halting public transport, and imposing a nationwide curfew. Additional support from other external partners will be required and critical to close the remaining financing gap and ease budget constraints. The RFI will help Ecuador finance the much-needed health and social assistance spending and catalyze financing from other multilateral financial institutions. 
538 |a Mode of access: Internet 
830 0 |a IMF Staff Country Reports; Country Report ;  |v No. 2020/178 
856 4 0 |z Full text available on IMF  |u http://elibrary.imf.org/view/journals/002/2020/178/002.2020.issue-178-en.xml  |z IMF e-Library